Países del mundo sin la letra A - Estadísticas

Estadísticas generales
  • Esta prueba ha sido intentada 134 veces
  • La puntuación promedio es 18 de 22
Estadísticas de respuestas
Hint Respuesta % Correcto
América Chile
95%
América Perú
92%
América México
90%
Europa Liechtenstein
86%
Europa Luxemburgo
86%
Asia Yemen
86%
África Egipto
85%
Oceanía Fiyi
85%
Asia Chipre
84%
América Belice
83%
Europa Kosovo
83%
África Níger
82%
África Togo
81%
África Túnez
80%
África Yibuti
80%
África Lesoto
79%
África Benín
77%
África Burundi
75%
Europa Montenegro
75%
África Seychelles
75%
Asia Brunei
73%
Europa Reino Unido
69%
No se encontraron pruebas coincidentes
Distribución de puntuación
Porcentaje de gente con cada puntuación
Porcentaje por número respondido
Historial de tus puntuaciones
No has intentado esta prueba.